000 00446nam a2200181Ia 4500
001 22258
005 20260414150819.0
008 260414t2018||||xx |||||||||||||| ||spa||
041 _aESP
082 _a621.3
_bF81A
100 _aFranklin, Jerrold
_eAUT
245 0 _aSolved problems in classical electromagnetism
_b
260 _c2018
300 _ax, 244 páginas :
_c23 cm.
650 _aTCA
654 _aCET
942 _cLIB
_dJUS
_fJUS
_2ddc
_n
999 _c22258
_d22258